|
|
|
|
| LEADER |
00000cam a22000004a 4500 |
| 001 |
musev2_1013 |
| 003 |
MdBmJHUP |
| 005 |
20230905040150.0 |
| 006 |
m o d |
| 007 |
cr||||||||nn|n |
| 008 |
050802s2006 alu o 00 0 eng d |
| 010 |
|
|
|z 2005022266
|
| 020 |
|
|
|a 9780817384609
|
| 020 |
|
|
|z 9780817314941
|
| 020 |
|
|
|z 9780817352776
|
| 035 |
|
|
|a (OCoLC)650060115
|
| 040 |
|
|
|a MdBmJHUP
|c MdBmJHUP
|
| 043 |
|
|
|a n-us-fl
|a n-us-ga
|a n-us-al
|
| 050 |
0 |
4 |
|a E99.M6815
|b B56 2006
|
| 082 |
0 |
|
|a 975.8/01
|2 22
|
| 100 |
1 |
|
|a Blitz, John Howard.
|
| 245 |
1 |
4 |
|a The Chattahoochee Chiefdoms /
|c John H. Blitz and Karl G. Lorenz.
|
| 264 |
|
1 |
|a Tuscaloosa :
|b University of Alabama Press,
|c 2006.
|
| 264 |
|
3 |
|a Baltimore, Md. :
|b Project MUSE,
|c 2012
|
| 264 |
|
4 |
|c ©2006.
|
| 300 |
|
|
|a 1 online resource (303 pages):
|b ill., maps ;
|
| 336 |
|
|
|a text
|b txt
|2 rdacontent
|
| 337 |
|
|
|a computer
|b c
|2 rdamedia
|
| 338 |
|
|
|a online resource
|b cr
|2 rdacarrier
|
| 504 |
|
|
|a Includes bibliographical references (p. [261]-278) and index.
|
| 505 |
0 |
|
|a Political and social integration in rank societies : a Mississippian case study -- Mississippian political and social integration -- Archaeology of the mound centers -- The cultural chronology, A.D. 1100-1650 -- Archaeological measures of political integration -- Archaeological measures of social integration -- The rise and decline of the Chattahoochee chiefdoms -- Research synopsis and theory synthesis -- Appendix A: The multiple-mound-center excavations -- Appendix B: The single-mound-center excavations -- Appendix C: Pottery classification -- Appendix D: Seriation methods.
|
| 588 |
|
|
|a Description based on print version record.
|
| 650 |
|
0 |
|a Excavations (Archaeology)
|z Chattahoochee River Valley.
|
| 650 |
|
0 |
|a Chiefdoms
|z Chattahoochee River Valley.
|
| 650 |
|
0 |
|a Indians of North America
|z Chattahoochee River Valley
|x Politics and government.
|
| 650 |
|
0 |
|a Indians of North America
|z Chattahoochee River Valley
|x Kings and rulers.
|
| 650 |
|
0 |
|a Mississippian culture
|z Chattahoochee River Valley.
|
| 651 |
|
0 |
|a Chattahoochee River Valley
|x Antiquities.
|
| 655 |
|
7 |
|a Electronic books.
|2 local
|
| 700 |
1 |
|
|a Lorenz, Karl G.
|q (Karl Gregory),
|d 1961-
|
| 710 |
2 |
|
|a Project Muse.
|e distributor
|
| 830 |
|
0 |
|a Book collections on Project MUSE.
|
| 856 |
4 |
0 |
|z Texto completo
|u https://projectmuse.uam.elogim.com/book/1013/
|
| 945 |
|
|
|a Project MUSE - Custom Collection
|
| 945 |
|
|
|a Project MUSE - Archive Complete Foundation
|
| 945 |
|
|
|a Project MUSE - Archive Archaeology and Anthropology Foundation
|
| 945 |
|
|
|a Project MUSE - Archive Native American and Indigenous Studies Foundation
|